[Event "Open NK"]
[Site "Dieren NED"]
[Date "2011.07.22"]
[Round "4"]
[White "Turov, Maxim"]
[Black "Fier, Alexandr"]
[Result "1/2-1/2"]
[WhiteTitle "GM"]
[BlackTitle "GM"]
[WhiteElo "2630"]
[BlackElo "2566"]
[WhiteFideId "4120086"]
[BlackFideId "2107139"]
[EventDate "2011.07.19"]

1. d4 Nf6 2. c4 g6 3. Nc3 Bg7 4. Nf3 O-O 5. g3 d6 6. Bg2 Nc6 7. O-O a6 8. Qd3 d5
9. cxd5 Nxd5 10. Rd1 Nxc3 11. Qxc3 e5 12. Be3 exd4 13. Nxd4 Nxd4 14. Bxd4 Bxd4
15. Rxd4 Qe7 16. e3 c6 17. Qa5 Rb8 18. Qb6 Be6 19. Rad1 Bxa2 20. Rd7 Qf6 21.
Rxb7 Rbd8 22. Rbd7 Rb8 23. Rb7 Rbd8 24. Rdd7 Be6 25. Rxd8 Qxd8 26. Qxd8 Rxd8 27.
Kf1 c5 28. Ke1 Kg7 29. Bf3 a5 30. Bd1 c4 31. Ba4 h5 32. Rb5 Ra8 33. Rc5 Rb8 34.
Bb5 Bg4 35. Bxc4 Rxb2 36. Rxa5 1/2-1/2

[Event "Open NK"]
[Site "Dieren NED"]
[Date "2011.07.22"]
[Round "4"]
[White "Radulski, Julian"]
[Black "L'Ami, Erwin"]
[Result "0-1"]
[WhiteTitle "GM"]
[BlackTitle "GM"]
[WhiteElo "2556"]
[BlackElo "2611"]
[WhiteFideId "2901595"]
[BlackFideId "1007998"]
[EventDate "2011.07.19"]

1. e4 c5 2. Nc3 d6 3. g3 g6 4. Bg2 Bg7 5. d3 Nc6 6. f4 Nf6 7. Nf3 O-O 8. O-O Bg4
9. Qd2 Bxf3 10. Bxf3 Nd4 11. Bg2 b5 12. Nd1 Rc8 13. Ne3 b4 14. c3 Nc6 15. Qe1
Nd7 16. Bd2 Nb6 17. Rb1 Na4 18. Nc4 Na5 19. Nxa5 Qxa5 20. e5 bxc3 21. bxc3 Nb6
22. c4 Qa3 23. Qe2 dxe5 24. Bc1 Qc3 25. Bb2 Qa5 26. fxe5 e6 27. Ba1 Nd7 28. Rb5
Qd8 29. Rb7 Rc7 30. Rfb1 Nb6 31. Rxc7 Qxc7 32. Qe3 Rb8 33. Qe4 Nd7 34. Re1 Qa5
35. Qe2 h5 36. Rf1 Qc7 37. Re1 Rb6 38. Bc3 Qb8 39. Kf2 Rb1 40. Rxb1 Qxb1 41. Bc6
Nb8 42. Bf3 Qb6 43. Qe4 Qc7 44. a4 Nd7 45. Qa8+ Kh7 46. d4 cxd4 47. Bxd4 Qxc4
48. Qxa7 Bxe5 49. Be3 Bc7 50. Be2 Qc2 51. Kf1 Nb6 52. Bxb6 Qb1+ 53. Kg2 Qxb6 54.
Qxb6 Bxb6 55. h4 Ba5 56. Bb5 Be1 57. Bc6 Kg7 58. Bb5 Kf8 59. Bc4 Ke7 60. Bd3 Kf6
61. Be2 Ke7 62. Bd3 f5 63. Bb5 e5 64. Bc6 Kf6 65. Bb5 g5 66. Be8 gxh4 67. gxh4
Bxh4 68. a5 Bg5 69. Bxh5 Bd2 70. a6 Be3 71. Bd1 e4 72. Bh5 Kg5 73. Bd1 Ba7 74.
Kg3 Bb8+ 75. Kf2 Kf4 76. Bb3 Ba7+ 77. Ke2 Ke5 78. Bf7 f4 79. Bh5 Kf5 80. Be8 f3+
81. Kf1 Kf4 82. Ba4 Bb6 83. Bb3 e3 84. Bc4 Ke4 85. Bb5 Kd5 86. Ke1 Kd4 87. Kd1
Kd5 88. Ke1 Ba7 89. Kd1 Ke5 90. Ke1 Bc5 91. Kf1 Kd4 92. a7 Bxa7 93. Bc6 e2+ 0-1

[Event "Open NK"]
[Site "Dieren NED"]
[Date "2011.07.22"]
[Round "4"]
[White "Vovk, Yuri"]
[Black "Brandenburg, Daan"]
[Result "1-0"]
[WhiteTitle "GM"]
[BlackTitle "GM"]
[WhiteElo "2564"]
[BlackElo "2538"]
[WhiteFideId "14113171"]
[BlackFideId "1011014"]
[EventDate "2011.07.19"]

1. d4 d5 2. c4 e6 3. Nf3 c5 4. cxd5 exd5 5. g3 Nc6 6. Bg2 Nf6 7. O-O Be7 8. Nc3
O-O 9. Bg5 cxd4 10. Nxd4 h6 11. Be3 Bg4 12. Qa4 Na5 13. Rad1 Nc4 14. Bc1 Nb6 15.
Qc2 Qd7 16. f3 Bh3 17. Bxh3 Qxh3 18. Nf5 Bc5+ 19. Kh1 Rfd8 20. g4 Rac8 21. Bf4
g6 22. Nxh6+ Kg7 23. e4 Ng8 24. Nxg8 Kxg8 25. Bg5 Rd7 26. e5 Rc6 27. Qe2 Be7 28.
Bxe7 Rxe7 29. f4 Rd7 30. Rd3 Qh4 31. Nb5 Rc4 32. Nd6 Rc6 33. f5 Re7 34. f6 Rxd6
35. fxe7 Qxe7 36. Rxf7 Kxf7 37. Qf3+ Kg7 38. exd6 Qxd6 39. Qe3 Qf8 40. Kg2 Qc8
41. Qe5+ Kg8 42. Kg3 1-0

[Event "Open NK"]
[Site "Dieren NED"]
[Date "2011.07.22"]
[Round "4"]
[White "Van Der Poel, Henk"]
[Black "Nijboer, Friso"]
[Result "1/2-1/2"]
[WhiteTitle "FM"]
[BlackTitle "GM"]
[WhiteElo "2292"]
[BlackElo "2546"]
[WhiteFideId "1002449"]
[BlackFideId "1000063"]
[EventDate "2011.07.19"]

1. e4 c5 2. Nf3 Nc6 3. d4 cxd4 4. Nxd4 Nf6 5. Nc3 d6 6. Bg5 e6 7. Qd2 a6 8.
O-O-O Be7 9. f4 Nxd4 10. Qxd4 b5 11. Bxf6 gxf6 12. e5 d5 13. Bd3 f5 14. g4 b4
15. Na4 Qa5 16. b3 fxg4 17. f5 Bd7 18. fxe6 fxe6 19. Qxg4 O-O-O 20. Rhf1 Kb8 1/2-1/2

[Event "Open NK"]
[Site "Dieren NED"]
[Date "2011.07.22"]
[Round "4"]
[White "Sowray, Peter J"]
[Black "Lenderman, Aleksandr"]
[Result "1/2-1/2"]
[WhiteTitle "FM"]
[BlackTitle "GM"]
[WhiteElo "2350"]
[BlackElo "2525"]
[WhiteFideId "400971"]
[BlackFideId "2021285"]
[EventDate "2011.07.19"]

1. e4 c6 2. d4 d5 3. Nc3 dxe4 4. Nxe4 Bf5 5. Ng3 Bg6 6. h4 h6 7. Nf3 e6 8. Ne5
Bh7 9. Bd3 Bxd3 10. Qxd3 Bb4+ 11. c3 Bd6 12. f4 Nd7 13. Qe2 Ne7 14. Bd2 Nf6 15.
O-O-O O-O 16. Kb1 Nf5 17. Nf1 h5 18. g4 hxg4 19. Nxg4 Nxg4 20. Qxg4 Qf6 21. h5
c5 22. Ng3 Nxg3 23. Qxg3 Qf5+ 24. Ka1 Be7 25. dxc5 Bxc5 26. h6 g6 27. h7+ Kg7
28. c4 Be7 29. Bc3+ Bf6 30. Rd7 b6 31. a3 a6 32. Be5 Bxe5 33. fxe5 Rac8 34. Rd4
Kh8 35. Qe3 Rc5 36. Qh6 Rcc8 37. Qe3 Rc5 38. Qh6 Rcc8 1/2-1/2

[Event "Open NK"]
[Site "Dieren NED"]
[Date "2011.07.22"]
[Round "4"]
[White "Milov, Leonid"]
[Black "Vishnu Prasanna. V"]
[Result "1/2-1/2"]
[WhiteTitle "IM"]
[BlackTitle "IM"]
[WhiteElo "2515"]
[BlackElo "2340"]
[WhiteFideId "14101068"]
[BlackFideId "5030692"]
[EventDate "2011.07.19"]

1. e4 c5 2. Nf3 d6 3. d4 Nf6 4. Nc3 cxd4 5. Nxd4 a6 6. Bg5 e6 7. Qf3 h6 8. Be3
Nbd7 9. O-O-O Qc7 10. Qg3 b5 11. a3 Rb8 12. f3 e5 13. Nb3 Nb6 14. Qe1 Nc4 15. g4
Be7 16. h4 Be6 17. Kb1 Rc8 18. Rd3 Qc6 19. Qd1 a5 20. Nd5 Bxd5 21. exd5 Qb7 22.
Bc1 Nd7 23. Qe1 Qc7 24. c3 Ndb6 25. Bh3 b4 26. g5 bxa3 27. Bxc8 axb2 28. Ba6
bxc1=Q+ 29. Qxc1 a4 30. Bb5+ Kf8 31. Nd2 Qc5 32. Bxc4 Nxc4 33. Nxc4 Qxc4 34. Rd2
hxg5 35. Rb2 g6 36. Rb8+ Kg7 37. Rxh8 Kxh8 38. h5 gxh5 39. Rxh5+ Kg7 40. Qc2
Qb5+ 41. Ka2 Qc4+ 42. Ka3 f5 43. Qxa4 Qxc3+ 44. Qb3 Qa1+ 45. Kb4 Qd4+ 46. Qc4
Qb6+ 47. Qb5 Qd4+ 48. Qc4 Qb6+ 49. Ka4 Qa7+ 50. Kb4 Qb6+ 51. Ka4 1/2-1/2

[Event "Open NK"]
[Site "Dieren NED"]
[Date "2011.07.22"]
[Round "4"]
[White "Deepan Chakkravarthy J."]
[Black "Goudriaan, Etienne"]
[Result "1/2-1/2"]
[WhiteTitle "GM"]
[BlackTitle "FM"]
[WhiteElo "2470"]
[BlackElo "2283"]
[WhiteFideId "5011132"]
[BlackFideId "1021150"]
[EventDate "2011.07.19"]

1. e4 c5 2. Nf3 d6 3. d4 cxd4 4. Nxd4 Nf6 5. Nc3 a6 6. h3 e6 7. g4 h6 8. f4 Qb6
9. Bg2 Nc6 10. Nb3 Bd7 11. Qe2 Rc8 12. Be3 Qc7 13. O-O-O Na5 14. Kb1 Nc4 15. Bd4
e5 16. fxe5 dxe5 17. Bf2 Nxb2 18. Nd5 Nxd5 19. exd5 Nxd1 20. Rxd1 Bd6 21. Be4
O-O 22. Be3 f5 23. gxf5 Bxf5 24. Bxf5 Rxf5 25. Rg1 Kh8 26. Rg6 Bf8 27. Qg2 Qc4
28. Bxh6 Qf1+ 29. Bc1 Qxg2 30. Rxg2 e4 31. Re2 Re8 32. c4 b5 33. Nd4 Rh5 34. Ne6
bxc4 35. Kc2 Rxh3 36. Rxe4 Rd3 37. Re5 Kg8 38. Bb2 Bb4 39. Rg5 Rd2+ 40. Kb1 Rd1+
41. Kc2 Rd2+ 42. Kb1 c3 43. Bc1 Rxd5 44. Rxd5 Rxe6 45. Kc2 Re2+ 46. Kb3 Re1 47.
Kxb4 Rxc1 48. Ra5 Kf7 49. Rxa6 g5 50. Kb3 c2 51. Kb2 Ra1 52. Kxc2 g4 53. Ra3 1/2-1/2

[Event "Open NK"]
[Site "Dieren NED"]
[Date "2011.07.22"]
[Round "4"]
[White "L'Ami, Alina"]
[Black "Arnaudov, G. Petar"]
[Result "1-0"]
[WhiteTitle "WGM"]
[BlackTitle "IM"]
[WhiteElo "2312"]
[BlackElo "2439"]
[WhiteFideId "1210246"]
[BlackFideId "2907127"]
[EventDate "2011.07.19"]

1. d4 Nf6 2. c4 e6 3. Nf3 Nc6 4. g3 Bb4+ 5. Bd2 a5 6. Nc3 d6 7. a3 Bxc3 8. Bxc3
a4 9. d5 Nb8 10. Bg2 O-O 11. Nd2 exd5 12. cxd5 Nbd7 13. O-O Nc5 14. e4 Bd7 15.
f4 c6 16. Bd4 cxd5 17. exd5 b6 18. Re1 Rc8 19. Qf3 Bg4 20. Qe3 h6 21. h3 Re8 22.
Qf2 Rxe1+ 23. Qxe1 Bf5 24. g4 Bc2 25. g5 Nd3 26. Qh4 hxg5 27. Qxg5 Ne8 28. Qg3
Nf6 29. Be4 Nh5 30. Qg4 Ndxf4 31. Rc1 f5 32. Qxf5 Ne2+ 33. Kh2 Nxc1 34. Qh7+ Kf8
35. Qxh5 Qe8 36. Qf5+ Ke7 37. Qe6+ Kf8 38. Qf5+ Ke7 39. Bxc2 Qf7 40. Qxc8 Qf4+
41. Kh1 Qxd4 42. Qe6+ Kf8 43. Qxd6+ Kg8 1-0

[Event "Open NK"]
[Site "Dieren NED"]
[Date "2011.07.22"]
[Round "4"]
[White "Turova, Irina"]
[Black "Mostertman, Milan"]
[Result "1-0"]
[WhiteTitle "IM"]
[WhiteElo "2413"]
[BlackElo "2232"]
[WhiteFideId "4120876"]
[BlackFideId "1025848"]
[EventDate "2011.07.19"]

1. d4 Nf6 2. c4 e5 3. dxe5 Ng4 4. e4 Nxe5 5. f4 Nec6 6. Be3 Na6 7. Nc3 Bc5 8.
Qd2 d6 9. Nf3 O-O 10. O-O-O Re8 11. Bd3 Bxe3 12. Qxe3 Be6 13. Ng5 Nc5 14. Nxe6
Rxe6 15. Bb1 Nb4 16. g4 a6 17. g5 b5 18. Nd5 Nxd5 19. cxd5 Re8 20. e5 c6 21. Qh3
g6 22. dxc6 d5 23. Qe3 Ne6 24. Be4 d4 25. Qf3 Rc8 26. Kb1 Nc5 27. Bd5 d3 28. h4
Re6 29. h5 Qb6 30. Bxe6 Nxe6 31. hxg6 fxg6 32. Qh3 1-0

[Event "Open NK"]
[Site "Dieren NED"]
[Date "2011.07.22"]
[Round "4"]
[White "Petrov, Marijan"]
[Black "Von Meijenfeldt, Bart"]
[Result "1-0"]
[WhiteTitle "GM"]
[WhiteElo "2534"]
[BlackElo "2154"]
[WhiteFideId "2901773"]
[BlackFideId "1032259"]
[EventDate "2011.07.19"]

1. e4 c5 2. Nc3 d6 3. f4 g6 4. Nf3 Bg7 5. d4 cxd4 6. Nxd4 Nc6 7. Be3 Nf6 8. Be2
O-O 9. O-O Bd7 10. Qd3 Rc8 11. Rad1 Na5 12. e5 Ng4 13. e6 Bxd4 14. exf7+ Rxf7
15. Bxd4 Nc4 16. Nd5 Nh6 17. b3 Na3 18. c4 b5 19. Bb2 bxc4 20. Qc3 e5 21. Bxa3 1-0

[Event "Open NK"]
[Site "Dieren NED"]
[Date "2011.07.22"]
[Round "4"]
[White "Vereggen, Lars"]
[Black "Hendriks, Willy"]
[Result "0-1"]
[BlackTitle "IM"]
[WhiteElo "2036"]
[BlackElo "2415"]
[WhiteFideId "1029258"]
[BlackFideId "1000713"]
[EventDate "2011.07.19"]

1. d4 c5 2. c3 Nf6 3. Nf3 e6 4. Bf4 b6 5. Nbd2 Bb7 6. e3 Be7 7. Bd3 O-O 8. O-O
Nh5 9. Bg3 Nxg3 10. hxg3 Nc6 11. Qe2 d5 12. Rac1 Rc8 13. Rfd1 Bf6 14. Bb1 g6 15.
Nb3 Qe7 16. e4 dxe4 17. Bxe4 cxd4 18. Nbxd4 Nxd4 19. Nxd4 Rfd8 20. Nf3 Kg7 21.
g4 h6 22. Qe3 Rc7 23. Bxb7 Rxb7 24. Ne5 Rc7 25. Qe2 Rc5 26. Nf3 Rcd5 27. Rxd5
Rxd5 28. Rd1 Qd6 29. Rxd5 Qxd5 30. c4 Qa5 31. b3 Qc3 32. Qd2 Qa1+ 33. Kh2 Qb1
34. Qe2 Bb2 35. Ne5 Qa1 36. Nd3 Bd4 37. Ne1 Qc3 38. Nd3 Bf6 39. Qd1 a5 40. a4
Qd4 41. Qe2 Qc3 42. Qd1 Bd4 43. f3 e5 44. Nc1 Qe3 45. Ne2 f5 46. Ng3 fxg4 47.
fxg4 Kf6 48. Qf1+ Qf4 49. Qd1 h5 50. Kh3 Kg5 51. Qe2 hxg4+ 52. Kh2 Kh4 53. Qd3
e4 54. Qxe4 Qxg3+ 55. Kh1 Qe3 56. Qb1 Bc3 0-1

[Event "Open NK"]
[Site "Dieren NED"]
[Date "2011.07.22"]
[Round "4"]
[White "Odendahl, Reiner"]
[Black "Offringa, Joost"]
[Result "1-0"]
[WhiteTitle "FM"]
[WhiteElo "2375"]
[BlackElo "2085"]
[WhiteFideId "4613570"]
[BlackFideId "1025880"]
[EventDate "2011.07.19"]

1. Nf3 Nc6 2. c4 e5 3. Nc3 f5 4. e3 Nf6 5. d4 e4 6. Nd2 Bb4 7. Qc2 O-O 8. Be2 d6
9. a3 Bxc3 10. Qxc3 a5 11. b3 Ne7 12. Bb2 c5 13. dxc5 dxc5 14. O-O Nc6 15. Rfd1
Qe7 16. Nf1 Be6 17. Ng3 Nd7 18. Nh5 Nf6 19. Nf4 Rad8 20. h4 Rxd1+ 21. Rxd1 Ne8
22. h5 Kf7 23. g3 Qf6 24. Qd2 Qe7 1-0

[Event "Open NK"]
[Site "Dieren NED"]
[Date "2011.07.22"]
[Round "4"]
[White "Smagin, Nikita"]
[Black "Bus, Tom"]
[Result "1-0"]
[WhiteElo "1977"]
[BlackElo "2237"]
[WhiteFideId "24149039"]
[BlackFideId "1014374"]
[EventDate "2011.07.19"]

1. e4 c5 2. Nc3 Nc6 3. f4 g6 4. Nf3 Bg7 5. Bb5 Nd4 6. O-O Nxb5 7. Nxb5 d6 8. d3
Nf6 9. Qe1 O-O 10. Qh4 c4 11. Nc3 cxd3 12. cxd3 Bg4 13. e5 dxe5 14. fxe5 Bxf3
15. Rxf3 Nd5 16. Bh6 Qb6+ 17. d4 Qxb2 18. Rb1 Qxc3 19. Rxc3 Nxc3 20. Rxb7 Bxh6
21. Qxh6 Ne2+ 22. Kf2 Nxd4 23. Qf4 Ne6 24. Qe3 Rfc8 25. Rxa7 Rc2+ 26. Kg1 Rd8
27. h4 h5 28. Rxe7 Rd1+ 29. Kh2 Rd4 30. Qh6 Rxh4+ 31. Kg1 Ng7 32. e6 Rg4 33.
exf7+ Kf8 34. Qh8+ 1-0

[Event "Open NK"]
[Site "Dieren NED"]
[Date "2011.07.22"]
[Round "4"]
[White "Lommers, Frank"]
[Black "Beerdsen, Thomas"]
[Result "1-0"]
[WhiteElo "2176"]
[BlackElo "2009"]
[WhiteFideId "1010107"]
[BlackFideId "1030108"]
[EventDate "2011.07.19"]

1. e4 c5 2. Nc3 d6 3. f4 g6 4. Nf3 Bg7 5. Bb5+ Nc6 6. O-O e6 7. Bxc6+ bxc6 8. d3
Ne7 9. Qe1 O-O 10. Bd2 Rb8 11. b3 d5 12. Qh4 f5 13. e5 Re8 14. Na4 c4 15. Nc5
cxd3 16. cxd3 h6 17. Qe1 Rb5 18. d4 Bd7 19. Rc1 Bf8 20. a4 Rb8 21. Ba5 Qc8 22.
Rc3 Kh7 23. Qe2 Ng8 24. g4 fxg4 25. Nh4 h5 26. h3 Be7 27. hxg4 Bxh4 28. Rh3 Bd8
29. gxh5 Nh6 30. hxg6+ Kg7 31. Rxh6 Kxh6 32. Qh2+ Kxg6 33. Rf2 Bg5 34. fxg5 Rh8
35. Rf6+ Kg7 36. Qf4 Qe8 37. g6 Rf8 38. Qg5 Qe7 39. Bd2 Kg8 40. Qh4 Qg7 41. Nxd7
Qxd7 42. Bh6 Rfd8 43. Rf7 Qxf7 44. gxf7+ 1-0

[Event "Open NK"]
[Site "Dieren NED"]
[Date "2011.07.22"]
[Round "4"]
[White "Brown, Andrew"]
[Black "Cox, Jan"]
[Result "1-0"]
[WhiteTitle "IM"]
[WhiteElo "2202"]
[BlackElo "1962"]
[WhiteFideId "3206513"]
[BlackFideId "1031384"]
[EventDate "2011.07.19"]

1. d4 Nf6 2. c4 g6 3. Nc3 Bg7 4. e4 d6 5. f4 O-O 6. Nf3 c5 7. d5 e6 8. Be2 exd5
9. cxd5 Bg4 10. O-O Nbd7 11. Nd2 Bxe2 12. Qxe2 Re8 13. Qf3 Rb8 14. a4 a6 15. a5
Qc7 16. Nc4 b5 17. axb6 Nxb6 18. Na5 Nbd7 19. Nc6 Rb3 20. Rxa6 Nxe4 21. Ra7 Qc8
22. Qxe4 Bd4+ 23. Nxd4 Rxe4 24. Nxe4 Rb4 25. Nxd6 Qb8 26. Rxd7 Rxd4 27. Re1 Qb3
28. Re8+ Kg7 29. Rxf7+ Kh6 30. Nf5+ Kh5 31. Rxh7+ Kg4 32. Nh6+ Kh4 33. Ng8+ Kg4
34. Nf6+ Kf5 35. g4+ Kxf6 36. Re6# 1-0

[Event "Open NK"]
[Site "Dieren NED"]
[Date "2011.07.22"]
[Round "4"]
[White "Timmermans, Mark"]
[Black "Vos, Tjark"]
[Result "1-0"]
[WhiteElo "2183"]
[BlackElo "1842"]
[WhiteFideId "1026399"]
[BlackFideId "1020870"]
[EventDate "2011.07.19"]

1. e4 c6 2. d4 d5 3. Nd2 dxe4 4. Nxe4 Bf5 5. Ng3 Bg6 6. h4 h6 7. Nf3 Nd7 8. h5
Bh7 9. Bd3 Bxd3 10. Qxd3 e6 11. Bf4 Qa5+ 12. Bd2 Qc7 13. O-O-O Ngf6 14. Ne4
O-O-O 15. Kb1 c5 16. c3 c4 17. Qe2 Nxe4 18. Qxe4 Nf6 19. Qe2 Bd6 20. Be3 Nd5 21.
Nd2 b5 22. Rc1 Kb8 23. g4 Ka8 24. g5 Rb8 25. gxh6 gxh6 26. Rhg1 f5 27. Nf3 Qf7
28. Rg6 f4 29. Bd2 Qf5+ 30. Ka1 Qxh5 31. Qxe6 Qxf3 32. Qxd6 Rb7 33. Qc6 Qxf2 34.
Qxd5 Qxd2 35. Rcg1 Rb8 36. Rg8 a6 37. Rxb8+ Kxb8 38. Qd6+ Ka7 39. Qc5+ Ka8 40.
Rg8+ Rb8 41. Qc6+ Ka7 42. Qc7+ Rb7 43. Qc5+ 1-0

[Event "Open NK"]
[Site "Dieren NED"]
[Date "2011.07.22"]
[Round "4"]
[White "Bakker, Guido"]
[Black "Kollen, Zyon"]
[Result "1/2-1/2"]
[WhiteElo "2088"]
[BlackElo "2118"]
[WhiteFideId "1027875"]
[BlackFideId "1024256"]
[EventDate "2011.07.19"]

1. Nf3 Nf6 2. d4 g6 3. g3 Bg7 4. Bg2 O-O 5. O-O d6 6. Re1 Nc6 7. d5 Na5 8. Nd4
Bd7 9. e4 c5 10. Nb3 Ng4 11. Nc3 b5 12. Ne2 Qb6 13. Nxa5 Qxa5 14. Bd2 Qb6 15.
Bc3 Ne5 16. Rb1 b4 17. Bd2 Bg4 18. Bg5 h6 19. Bf4 Qa6 20. h3 Nf3+ 21. Bxf3 Bxf3
22. Qd3 Bxe2 23. Qxe2 Qxa2 24. Be3 Bxb2 25. Bxh6 Bg7 26. Bxg7 Kxg7 27. Ra1 Qb2
28. Reb1 Qc3 29. Ra6 Rfb8 30. Rba1 c4 31. Qe3 Qxe3 32. fxe3 b3 33. cxb3 cxb3 34.
Rb1 Rb7 35. Kf2 Rc8 36. Rc6 Rcb8 37. Ra6 Kf6 38. Kf3 b2 39. Ra2 Ke5 40. h4 e6
41. dxe6 fxe6 42. Ra5+ Rb5 43. Rxa7 Rf8+ 44. Ke2 Kxe4 45. Ra4+ Kd5 46. Rd4+ Kc5
47. Rd2 Rfb8 48. g4 Rh8 49. Rc2+ Kd5 50. Rd2+ Ke5 51. Rdxb2 Rxb2+ 52. Rxb2 Rxh4
53. Rb4 d5 54. Kf3 Rh3+ 55. Kf2 Rh2+ 56. Kg3 Rc2 57. Kf3 Rc4 58. Rb6 Rc8 59. Rb4
Kd6 60. Rb6+ Rc6 61. Rb7 e5 62. Rg7 Kc5 63. g5 Re6 64. Rc7+ Kb6 65. Rf7 Kc6 66.
Ra7 Rd6 67. Ke2 d4 68. exd4 exd4 69. Kd3 Kd5 70. Re7 Re6 71. Rd7+ Ke5 72. Rxd4
Kf5 73. Rd5+ Kf4 74. Ra5 Re3+ 75. Kd2 Rg3 76. Ke2 Rxg5 77. Ra3 Rg2+ 78. Kf1 Rc2
79. Kg1 g5 80. Rb3 Re2 81. Ra3 Kg4 82. Rb3 Kf4 83. Ra3 Re3 84. Rxe3 Kxe3 85. Kg2
Kf4 86. Kf2 g4 87. Kg2 g3 88. Kg1 1/2-1/2

[Event "Open NK"]
[Site "Dieren NED"]
[Date "2011.07.22"]
[Round "4"]
[White "Jonker, Fred"]
[Black "Kampman, Tijmen"]
[Result "0-1"]
[WhiteElo "2154"]
[BlackElo "2111"]
[WhiteFideId "1005260"]
[BlackFideId "1009079"]
[EventDate "2011.07.19"]

1. e4 e6 2. d4 d5 3. Bd3 c5 4. c3 Nc6 5. Ne2 cxd4 6. cxd4 Nb4 7. Nbc3 Nxd3+ 8.
Qxd3 dxe4 9. Nxe4 Bd7 10. O-O Bc6 11. N2c3 Qd7 12. Bf4 O-O-O 13. Rfd1 f5 14. Ng5
Nf6 15. Qc4 Nd5 16. Be5 Nxc3 17. bxc3 Re8 18. Qe2 Be7 19. Nh3 Rhg8 20. c4 Bd6
21. Nf4 g5 22. Nh5 Be7 23. Qe3 b6 24. d5 Ba4 25. d6 Bxd1 26. Rxd1 Bd8 27. Qf3
Kb8 28. c5 g4 29. Qc3 Kb7 30. Rc1 Qc6 31. Qb2 Bg5 32. Rc2 Rc8 33. g3 Qd5 34. Nf6
Bxf6 35. Bxf6 Qd1+ 36. Kg2 Qd5+ 37. Kg1 Rxc5 38. Rxc5 Qxc5 39. d7 Qd5 40. d8=Q
Rxd8 41. Bxd8 Qxd8 42. Qg7+ Ka6 43. Qb2 Qd1+ 44. Kg2 Qf3+ 45. Kf1 h5 46. Qd4 Qd5
47. Qb2 Qb5+ 0-1

[Event "Open NK"]
[Site "Dieren NED"]
[Date "2011.07.22"]
[Round "4"]
[White "Gruenhagen, Marc"]
[Black "Beukema, Stefan"]
[Result "0-1"]
[WhiteElo "2133"]
[BlackElo "2209"]
[WhiteFideId "24667862"]
[BlackFideId "1024523"]
[EventDate "2011.07.19"]

1. d4 f5 2. Bg5 h6 3. Bh4 g5 4. Bg3 Nf6 5. e3 d6 6. h4 g4 7. h5 Be6 8. Ne2 Bf7
9. Nf4 e6 10. Bd3 Qe7 11. Nd2 Nbd7 12. Qe2 Bg7 13. Ng6 Bxg6 14. hxg6 O-O-O 15.
O-O-O Nf8 16. e4 Qd7 17. e5 dxe5 18. dxe5 Nd5 19. Nb3 Nxg6 20. Kb1 Ngf4 21. Bxf4
Nxf4 22. Qe3 Nxd3 23. Qxa7 Qb5 24. a4 Qxe5 25. c3 Qd5 26. Na5 b6 27. Qa6+ Kb8
28. Nc4 Qb7 29. Qb5 Rd5 30. Qb3 Nxf2 31. Rxd5 exd5 0-1

[Event "Open NK"]
[Site "Dieren NED"]
[Date "2011.07.22"]
[Round "4"]
[White "Van Meegen, Ruud"]
[Black "Hoogland, Dirk"]
[Result "0-1"]
[BlackTitle "CM"]
[WhiteElo "1947"]
[BlackElo "2181"]
[WhiteFideId "1034995"]
[BlackFideId "1012533"]
[EventDate "2011.07.19"]

1. e4 c5 2. Nf3 g6 3. d4 cxd4 4. Nxd4 Nc6 5. Nc3 Bg7 6. Be3 Nf6 7. Bc4 O-O 8.
Bb3 a5 9. a4 Ng4 10. Nxc6 Nxe3 11. Nxd8 Nxd1 12. Bxf7+ Rxf7 13. Nxf7 Nxc3 14.
Ng5 h6 15. Nf3 Nxe4 16. O-O Bxb2 17. Rad1 Bf6 18. Nd4 Nc3 0-1

[Event "Open NK"]
[Site "Dieren NED"]
[Date "2011.07.22"]
[Round "4"]
[White "Merza, Morris"]
[Black "Van Mierlo, Guido"]
[Result "1/2-1/2"]
[WhiteElo "2145"]
[BlackElo "2097"]
[WhiteFideId "1027140"]
[BlackFideId "1032453"]
[EventDate "2011.07.19"]

1. Nf3 Nf6 2. Nd4 a6 3. c4 d6 4. Nc3 g6 5. h4 Bg7 6. Nc2 h5 7. d4 Nbd7 8. Bg5 c5
9. e3 b6 10. Be2 Bb7 11. Bf3 Qc7 12. Rc1 Rc8 13. O-O O-O 14. Nd5 Nxd5 15. cxd5
Nf6 16. e4 cxd4 17. Qd2 Qd7 18. Nxd4 Rxc1 19. Rxc1 Rc8 20. Nc6 Bxc6 21. dxc6
Rxc6 22. Rxc6 Qxc6 23. e5 Ne4 24. Qa5 1/2-1/2

[Event "Open NK"]
[Site "Dieren NED"]
[Date "2011.07.23"]
[Round "5"]
[White "L'Ami, Erwin"]
[Black "Turov, Maxim"]
[Result "1/2-1/2"]
[WhiteTitle "GM"]
[BlackTitle "GM"]
[WhiteElo "2611"]
[BlackElo "2630"]
[WhiteFideId "1007998"]
[BlackFideId "4120086"]
[EventDate "2011.07.19"]

1. d4 Nf6 2. c4 e6 3. g3 Bb4+ 4. Bd2 Bxd2+ 5. Qxd2 d5 6. Nf3 O-O 7. Bg2 Nbd7 8.
O-O dxc4 9. Na3 e5 10. dxe5 Nxe5 11. Qxd8 Nxf3+ 12. Bxf3 Rxd8 13. Nxc4 Be6 14.
Na5 Bd5 15. Nxb7 Rdb8 16. Bxd5 Nxd5 17. Rfd1 Rxb7 18. Rxd5 Rxb2 19. Rc1 1/2-1/2

[Event "Open NK"]
[Site "Dieren NED"]
[Date "2011.07.23"]
[Round "5"]
[White "Georgiev, Vladimir"]
[Black "Turova, Irina"]
[Result "1/2-1/2"]
[WhiteTitle "GM"]
[BlackTitle "IM"]
[WhiteElo "2559"]
[BlackElo "2413"]
[WhiteFideId "2903024"]
[BlackFideId "4120876"]
[EventDate "2011.07.19"]

1. d4 Nf6 2. c4 e6 3. Nc3 Bb4 4. e3 c5 5. Bd3 O-O 6. Ne2 cxd4 7. exd4 d5 8. cxd5
Nxd5 9. O-O Nc6 10. Nxd5 exd5 11. Nf4 Be6 12. Nxe6 fxe6 13. Qh5 g6 14. Qg4 Qf6
15. Bg5 Qf7 16. Bh6 Rfe8 17. h4 Kh8 18. Rac1 a6 19. Bf4 Bf8 20. Rfe1 Bg7 21. Bg3
Rac8 22. h5 gxh5 23. Qh4 Bf6 24. Qf4 Qg7 25. Qf3 h4 26. Bf4 Rg8 27. Rxc6 Rxc6
28. Re5 Qg4 1/2-1/2

[Event "Open NK"]
[Site "Dieren NED"]
[Date "2011.07.23"]
[Round "5"]
[White "Brandenburg, Daan"]
[Black "L'Ami, Alina"]
[Result "1/2-1/2"]
[WhiteTitle "GM"]
[BlackTitle "WGM"]
[WhiteElo "2538"]
[BlackElo "2312"]
[WhiteFideId "1011014"]
[BlackFideId "1210246"]
[EventDate "2011.07.19"]

1. e4 c5 2. Nf3 d6 3. d4 cxd4 4. Nxd4 Nf6 5. Nc3 a6 6. Be3 e5 7. Nb3 Be6 8. f4
Ng4 9. Bd2 exf4 10. Bxf4 Nc6 11. Qd2 Be7 12. O-O-O O-O 13. Kb1 a5 14. Bb5 Nge5
15. Nd4 Nxd4 16. Qxd4 a4 17. Bxe5 dxe5 18. Qxd8 Bxd8 19. Bxa4 Bxa2+ 20. Kxa2 b5
21. b3 bxa4 22. Nxa4 f5 23. exf5 Rxf5 24. Rhf1 Rxf1 25. Rxf1 Bf6 26. Kb1 Kf7 27.
Kc1 Ke6 28. Kd2 Bg5+ 29. Ke2 e4 30. h4 Bxh4 31. Rf4 Bf6 32. Rxe4+ Kf5 33. Re3 h5
34. c4 Bd4 35. Rf3+ Ke4 36. Rh3 g6 37. Rh4+ Ke5 38. Kd3 Bf2 39. Re4+ Kf5 40. Nc3
Rb8 41. Re2 Bg3 42. Kc2 h4 43. Nd5 g5 44. c5 g4 45. Kc3 h3 46. Ne3+ Kf4 47. Nxg4
hxg2 48. Rxg2 Kxg4 49. Re2 Kf5 50. Kc4 Be5 51. b4 Rd8 52. c6 Rd1 53. b5 Rc1+ 54.
Kd5 Rd1+ 55. Kc5 Bd4+ 56. Kc4 Bb6 57. Re8 Rc1+ 1/2-1/2